000 00331nam a2200133Ia 4500
008 191201s2011 xx 000 0 und d
100 _aGREWAL,B S
245 0 _aNumerical Methods in Engineering and Science
250 _aRep 2nd
260 _c2011
_bKhanna Publisher
_aN. Delhi
300 _a676
650 _aCSE
942 _2ddc
_cBB
999 _c7420
_d7420